Historia del poder: la sociedad nacional de agricultura durante el período del frente popular
Na minha lista:
| Autor principal: | |
|---|---|
| Formato: | Livro |
| Idioma: | espanhol |
| Publicado em: |
Santiago, Chile
Vivaria
1991
|
| Colecção: | Serie Avances,
1 |
| Assuntos: | |
| Tags: |
Adicionar Tag
Sem tags, seja o primeiro a adicionar uma tag!
|
MARC
| LEADER | 00000nam a2200000 a 4500 | ||
|---|---|---|---|
| 001 | UCO2223 | ||
| 003 | CL-VaPUC | ||
| 005 | 20220607121240.0 | ||
| 008 | 000602e19910000CL |||||||||||||||||spa|d | ||
| 999 | |c 288762 |d 288760 | ||
| 040 | |c Pontificia Universidad Católica de Valparaíso | ||
| 082 | 0 | 4 | |a 946.08 MUÑ 1991 |2 21 |
| 100 | |a Muñoz Delaunoy, Ignacio |e autor |9 571281 | ||
| 245 | 1 | 0 | |a Historia del poder: |b la sociedad nacional de agricultura durante el período del frente popular |
| 260 | |a Santiago, Chile |b Vivaria |c 1991 | ||
| 300 | |a 91 páginas | ||
| 490 | 0 | |a Serie Avances, |v 1 | |
| 583 | |a last modification |c 20160912 04:25:41 |k Rodrigo Vera | ||
| 650 | 7 | |a HISTORIA DE ESPAÑA |2 CL-VaPUC |9 445181 |y SIGLO 20 | |
| 650 | 7 | |a FRENTE POPULAR |2 CL-VaPUC |9 437698 |z ESPAÑA | |
| 650 | 0 | |a Agricultura |z ESPAÑA |9 255598 | |
| 852 | |a BIBCUR | ||
| 942 | |c BK |2 ddc | ||
| 945 | |d 20000602 00:00:00 |a rherrera | ||
| 952 | |0 0 |1 0 |2 ddc |4 0 |6 946_080000000000000_MUÑ_1991 |7 0 |8 A |9 336678 |a BIBHIS |b BIBHIS |d 2019-11-20 |i 1283715 |o 946.08 MUÑ 1991 |p 1283715 |r 2025-01-20 |t 1 |w 2019-11-20 |y BK |k HIS | ||